Normal view
MARC view
- بني احمد، عودة احمد سليمان
Entry Personal Name
001 - CONTROL NUMBER
- control field: 64925
003 - CONTROL NUMBER IDENTIFIER
- control field: JO-AjAnu
005 - DATE AND TIME OF LATEST TRANSACTION
- control field: 20231211105710.0
008 - FIXED-LENGTH DATA ELEMENTS
- fixed length control field: 231211|| aca||aabn | a|a d
040 ## - CATALOGING SOURCE
- Original cataloging agency: JO-AjAnu
100 ## - HEADING--PERSONAL NAME
- Linkage: بني احمد، عودة احمد سليمان
- Personal name: بني احمد، عودة احمد سليمان